00377nam a2200133 a 45000010010000000030011000100080041000210350026000620820014000881000026001022450039001282600052001676500024002190000-8829ELIB.Books110520 1948  a(ELIB.Books)0000-8975 a268 bWel aWelker, Edith Frances aThoughts of God for Boys and Girls bNew York: Harper and Brothers Publishers c1948 aChristian Education